| 000 | 01489nam a2200445 i 4500 | ||
|---|---|---|---|
| 001 | 15679 | ||
| 003 | KOSZ 005 | ||
| 005 | 20200423104711.0 | ||
| 008 | 200423s1961 pl ab f 001 0 pol | ||
| 015 | _aUWD 1961/6413 | ||
| 035 | _a991042511039705066 | ||
| 035 | _a(PL-WaBN)b21415365-48omnis_nlop | ||
| 035 | _ab21415365 | ||
| 035 | _a(OCoLC)832257122 | ||
| 035 | _a(PL)b0000002141536 | ||
| 035 | _a(EXLNZ-48OMNIS_NETWORK)9910356251705606 | ||
| 040 |
_aWA N _cWA N _dKOSZ 005/RW |
||
| 046 | _k1961 | ||
| 080 | _a551.4 | ||
| 080 | _a(075.8) | ||
| 100 | 1 |
_aKlimaszewski, Mieczysław _d(1908-1995) _eAutor |
|
| 245 | 1 | 0 |
_aGeomorfologia ogólna / _cMieczysław Klimaszewski. |
| 260 |
_aWarszawa : _bPaństwowe Wydawnictwo Naukowe, _c1961. |
||
| 300 |
_a521, [2] stron : _bilustracje, mapy ; _c24 cm. |
||
| 336 |
_aTekst _btxt _2rdacontent |
||
| 337 |
_aBez urządzenia pośredniczącego _bn _2rdamedia |
||
| 338 |
_aWolumin _bnc _2rdacarrier |
||
| 380 | _aKsiążki | ||
| 380 | _aPublikacje dydaktyczne | ||
| 388 | _a1901-2000 | ||
| 504 | _aBibliografia przy rozdziałach. Indeks. | ||
| 650 | 7 | _aGeomorfologia | |
| 650 | 7 | _aRzeźba terenu | |
| 655 | 7 | _aPodręczniki akademickie | |
| 658 | _aGeografia i nauki o Ziemi | ||
| 710 | 2 |
_aPaństwowe Wydawnictwo Naukowe _4pbl |
|
| 856 |
_uhttp://koha.tu.koszalin.pl/cgi-bin/koha/opac-detail.pl?biblionumber=15679 _yKatalog online BPK |
||
| 942 |
_2UKD _cKS |
||
| 999 |
_c15679 _d15679 |
||